Регионална библиотека "Любен Каравелов" - Русе

Славистичен сборник (Запис номер 187738)

MARC детайли
000 -Лидер
Контролно поле с фиксирана дължина 01163nam a2200325 c 4500
003 - Код на организацията, давaща контролен номер
Контролно поле BLK
005 - Дата и час на последна редакция
Контролно поле 20201215161133.0
008 - Елементи от данни с фиксирана дължина
fixed length control field 180411b bul|||||r ||||||| ||bul||
010 ## - Наследен системен номер
LC control number KNG00196755000
040 ## - Източник на каталожния запис
Идентификатор на билиотеката - собственик на записа BLK
041 ## - Код за език
Код за езика на текст/звукозапис или на отделно заглавие Български
Код за езика КДБФ Български
080 ## - УДК
Текстов определител УДК Славянски и балтийски езици
УДК код - определител по УДК 811.16/.17
УДК - код + определител 811.16/.17
139 ## - Редно поле
Редна дума Славистичен сборник
Авторски знак Слави - С 43
245 10 - Сведения за заглавието
Заглавие Славистичен сборник
Редно поле (дума) ред. кол. Кристалина Чолакова.
257 ## - Страна на издаване
Страна на създаване/издаване България
260 ## - Област на издателските данни
Име на издателя, разпространителя и проч. БАН
Година на издаване 1985
300 ## - Физическа характеристика
Страници 188 с.
Размери/Мащаб 24 см
380 ## - Жанр
Жанр Езикознание. Филология
500 ## - Общи забележки
Забележка Изд. на БАН. Инст. за бълг. ез. - 750 тир.
650 #4 - Допълнително описание по предмет – тема
Основно описание – тема или топоним Славянски езици
9 (RLIN) 245181
650 #4 - Допълнително описание по предмет – тема
Основно описание – тема или топоним Славянски литератури
9 (RLIN) 266124
650 #4 - Допълнително описание по предмет – тема
Основно описание – тема или топоним Български език
9 (RLIN) 246425
700 1# - Други автори (авторска отговорност)
Лично име Чолакова, Кристалина
Автороска отговорност (Описва отношението между автора и произведението) ред. кол.
9 (RLIN) 369206
852 ## - Местоположение
Форматна сигнатура Цб 135754
856 4# - Електронен адрес и достъп
Електронен формат pdf - файл
856 4# - Електронен адрес и достъп
Електронен формат pdf - файл
999 ## - СИСТЕМНИ КОНТРОЛНИ НОМЕРА
Koha biblionumber 187738
Koha biblioitemnumber 187738
942 ## - АРТИКУЛИ
Вид на библиотечния материал Книги
Скрит в OPAC Не
Koha issues (borrowed), all copies 1
Периодичен библиозапис Да
944 ## - СЪЗДАВАНЕ И РЕДАКЦИЯ на ЗАПИСА
Създаване/Редакция Създаване
Дата на регистрацията/редакция 23.11.2016
Служител, извършил регистрацията/редакцията Правда_Бадева
944 ## - СЪЗДАВАНЕ И РЕДАКЦИЯ на ЗАПИСА
Създаване/Редакция Редакция
Дата на регистрацията/редакция 23.11.2016
Служител, извършил регистрацията/редакцията Правда_Бадева
999 ## - СИСТЕМНИ КОНТРОЛНИ НОМЕРА
Koha biblioitemnumber 187738
Наличности
Код за отписване Код за изгубен артикул Източник на класификационната схема Код за повреда Коз за рестрикции Код за отдаване Артикулен № Име на библиотеката - собственик Име на библиотеката, в която се намира в момента Статус (Текущо местоположение) Дата на вписване в системата Местоположение - отдел Цена в лева Инвентарен номер Систематично азбучна сигнатура Баркод Номер на екземпляра Цена в евро Служебна бележка Служебен тип на артикула
  Не е изгубен Universal Decimal Classification Не е повреден само за читалня ползва се в читалня 328139 Регионална библиотека "Любен Каравелов" Русе Регионална библиотека "Любен Каравелов" Русе Хранилище 1985-01-01 Хранилище 2.95 431384 Цб 135754 900000009459 1 1.51 N: стар фонд Дата: 01.01.1985 Книги
Изтеглен Не е изгубен Universal Decimal Classification Не е повреден без рестрикции заемане за дома 328140 Регионална библиотека "Любен Каравелов" Русе Регионална библиотека "Любен Каравелов" Русе Заемна - подръчен фонд 1985-01-01 Заемна - подръчен фонд 2.95 432708 П 808.67/С 43 432708 2 1.51 N: стар фонд Дата: 01.01.1985 Дата инв: 08.02.2018 Бележки инв: П2018 Книги
  Не е изгубен Universal Decimal Classification Не е повреден без рестрикции заемане за дома 328141 Регионална библиотека "Любен Каравелов" Русе Регионална библиотека "Любен Каравелов" Русе Заемна - подръчен фонд 1985-01-01 Заемна - подръчен фонд 2.95 432709 811/С 43 120000432709 3 1.51 N: стар фонд Дата: 01.01.1985 Дата инв: 08.02.2018 Бележки инв: П2018 Книги
Vip Innovations Ltd, Rousse, Bulgaria 2025